| 000 | 00929nam a22002055i 4500 | ||
|---|---|---|---|
| 001 | 178711 | ||
| 003 | ES-MaACL | ||
| 005 | 20250720013021.0 | ||
| 008 | 110613s1974 sp d |||| | spa d | ||
| 080 | _a611.013.9 | ||
| 100 | 1 |
_aBombí, Josep Antoni. _9147155 |
|
| 245 | 1 | 0 |
_aEstudio ultraestructural de la citodiferenciación del miocardio de embrión de pollo "in vivo" e "in vitro" / _cresumen de la tesis presentada para aspirar al grado de doctor en medicina por José Antonio Bombí Latorre. |
| 260 |
_aBarcelona : _bUniversidad de Barcelona, Secretariado de Publicaciones, Intercambio Científico y Extensión Universitaria : _b[Ivern], _c1974. |
||
| 300 |
_a14, [3] p. de fot. bl. y n. ; _c24 cm. |
||
| 500 | _aCub. tomada como port. | ||
| 650 | 7 |
_aEmbriología _2embne _9135971 |
|
| 710 | 2 |
_aUniversidad de Barcelona. _97141 |
|
| 852 |
_aES-MaACL _jE-15361 (114) _xOlim P-1374 |
||
| 999 |
_c178711 _d178711 |
||